000 01208nam a22003491 4500
001 01107648
003 DO-SdBNP
005 20240723132000.0
007 01107648
008 920725s2006 cl spa
017 _a
_b
020 _a9587030842 (O.C)
035 _a
040 _aBPMSU
_bspa
_cBPMSU
082 4 _a370.114
_bC268v. 2006
_222
100 1 _aCardona Prieto, Marcela.
245 1 0 _aVirtudes y valores para los niños del mundo /
_cMarcela Cardona Prieto, Paola Guarnizo Latorre ; ilustraciones Humberto Ruíz, Carolina Ponce.
_h
_b
260 _aBarcelona :
_bSintes,
_c1966
300 _a270 p. :
_c17 cm
490 0 _aMi casita de virtudes
_v
505 _av.1 Devocionario. -- v.2 Urbanidad. -- v.3 Principios. -- v.4 Cuaderno taller.
590 _aInventariado, 2024/VM
650 4 _aValores sociales
_vCuentos infantiles.
_2
650 4 _aEducación para la vida familiar
650 4 _aRespecto por las personas
650 4 _aDisciplina infantil
_v
_2
700 1 _aGuarnizo Latorre, Paola.
700 1 _a Ruíz, Humberto,
_eilustración
700 1 _aPonce, Carolina
_eilustración
910 _aVMateo V. Control de calidad. BPMSU
942 _2ddc
_cBK
999 _c14747
_d14747